[Event "ESP-chT 2nd Division 2019"]
[Site "Linares"]
[Date "2019.08.22"]
[Round "5.36"]
[White "Biedma Martin, Enrique"]
[Black "Portela Peleteiro, Alberto"]
[Result "0-1"]
[WhiteElo "2209"]
[BlackElo "2375"]
[Annotator "ChessBase"]
[PlyCount "108"]
[EventDate "2019.08.19"]
[EventType "team-tourn"]
[EventCountry "ESP"]
[SourceTitle "playchess.com"]
[Source "ChessBase"]
[SourceQuality "1"]
[TimeControl "5400+30"]

1. d4 d6 {[%emt 0:02:36]} 2. e4 {[%emt 0:00:00]} Nf6 {[%emt 0:00:10]} 3. Nc3 {[%emt 0:00:00]} Nbd7 {[%emt 0:00:02]} 4. g3 {[%emt 0:01:51]} e5 {[%emt 0:00:20]} 5. Nge2 {[%emt 0:00:35]} Be7 {[%emt 0:00:30]} 6. Bg2 {[%emt 0:00:06]} O-O {[%emt 0:01:45]} 7. O-O {[%emt 0:00:25]} Re8 {[%emt 0:02:52]} 8. Re1 {[%emt 0:08:55]} c6 {[%emt 0:00:39]} 9. a4 {[%emt 0:00:31]} b6 {[%emt 0:02:17]} 10. f3 {[%emt 0:06:38]} Qc7 {[%emt 0:05:15]} 11. Be3 {[%emt 0:01:50]} Bb7 {[%emt 0:00:29]} 12. Qd2 {[%emt 0:01:07]} a6 {[%emt 0:00:56]} 13. g4 {[%emt 0:06:41]} Nf8 {[%emt 0:19:32]} 14. Ng3 {[%emt 0:04:41]} Ne6 {[%emt 0:04:47]} 15. Nce2 {[%emt 0:01:53]} b5 {[%emt 0:00:27]} 16. c3 {[%emt 0:00:52]} g6 {[%emt 0:05:55]} 17. b3 {[%emt 0:08:45]} Bf8 {[%emt 0:02:26]} 18. a5 {[%emt 0:15:10]} Bg7 {[%emt 0:04:14]} 19. Red1 {[%emt 0:03:10]} Rad8 {[%emt 0:07:12]} 20. Qc2 {[%emt 0:06:55]} Nd7 {[%emt 0:02:28]} 21. f4 {[%emt 0:05:56]} exf4 {[%emt 0:01:18]} 22. Nxf4 {[%emt 0:00:03]} c5 {[%emt 0:01:38]} 23. Qd2 {[%emt 0:03:17]} Nxf4 {[%emt 0:10:17]} 24. Bxf4 {[%emt 0:00:06]} Nf6 {[%emt 0:00:01]} 25. Bg5 {[%emt 0:04:28]} Rd7 {[%emt 0:01:28]} 26. Qf4 {[%emt 0:02:15]} d5 {[%emt 0:01:16]} 27. e5 {[%emt 0:02:44]} Ne4 {[%emt 0:00:01]} 28. Nxe4 {[%emt 0:03:17]} dxe4 {[%emt 0:00:01]} 29. Bxe4 {[%emt 0:03:44]} h6 {[%emt 0:02:34]} 30. Bxh6 {[%emt 0:03:49]} Bxh6 {[%emt 0:00:13]} 31. Qxh6 {[%emt 0:00:01]} Bxe4 {[%emt 0:00:18]} 32. Re1 {[%emt 0:00:17]} Bb7 {[%emt 0:04:11]} 33. e6 {[%emt 0:02:02]} Rdd8 {[%emt 0:06:52]} 34. Re5 {[%emt 0:03:47]} Rxe6 {[%emt 0:08:27]} 35. Rxe6 {[%emt 0:00:14]} fxe6 {[%emt 0:00:03]} 36. Qxg6+ Qg7 {[%emt 0:00:37]} 37. Qxe6+ {[%emt 0:00:10]} Qf7 {[%emt 0:00:01]} 38. Qh6 {[%emt 0:01:35]} Rf8 {[%emt 0:02:36]} 39. Qg5+ {[%emt 0:00:02]} Kh7 {[%emt 0:00:06]} 40. Qh4+ {[%emt 0:00:17]} Kg7 {[%emt 0:00:09]} 41. Qg5+ {[%emt 0:00:04]} Qg6 {[%emt 0:00:22]} 42. Qxg6+ Kxg6 43. dxc5 {[%emt 0:00:25]} Kg5 {[%emt 0:00:37]} 44. Rf1 {[%emt 0:00:45]} Bf3 {[%emt 0:00:00]} 45. Re1 {[%emt 0:01:38]} Bxg4 {[%emt 0:01:43]} 46. Re7 {[%emt 0:00:59]} Bh3 {[%emt 0:00:32]} 47. Re5+ {[%emt 0:00:41]} Kg6 {[%emt 0:00:00]} 48. Re1 {[%emt 0:00:11]} Rf3 {[%emt 0:00:01]} 49. Rc1 {[%emt 0:00:24]} Kf6 {[%emt 0:00:18]} 50. b4 {[%emt 0:00:38]} Ke5 {[%emt 0:00:35]} 51. Rd1 {[%emt 0:00:16]} Rf6 {[%emt 0:00:57]} 52. c6 {[%emt 0:01:15]} Rxc6 {[%emt 0:00:39]} 53. Rd3 {[%emt 0:00:01]} Bf5 {[%emt 0:00:27]} 54. Rg3 {[%emt 0:00:11]} Rg6 {[%emt 0:01:30]} 0-1

[Event "ESP-chT 2nd Division 2019"]
[Site "Linares"]
[Date "2019.08.22"]
[Round "5.37"]
[White "Veiga, Jose Francisco R P N"]
[Black "Rodriguez Perez, Angel Mariano"]
[Result "1/2-1/2"]
[WhiteElo "2346"]
[BlackElo "2223"]
[Annotator "NA"]
[PlyCount "151"]
[EventDate "2019.08.19"]
[EventType "team-tourn"]
[EventCountry "ESP"]
[SourceTitle "playchess.com"]
[Source "ChessBase"]
[SourceQuality "1"]
[TimeControl "5400+30"]

1. g3 {[%emt 0:01:38]} c5 {[%emt 0:00:00]} 2. Bg2 {[%emt 0:00:27]} Nc6 {[%emt 0:00:00]} 3. e4 {[%emt 0:02:59]} g6 {[%emt 0:00:12]} 4. Nc3 {[%emt 0:00:19]} Bg7 {[%emt 0:00:10]} 5. d3 {[%emt 0:00:05]} d6 {[%emt 0:00:12]} 6. Be3 {[%emt 0:01:53]} Nf6 {[%emt 0:00:17]} 7. Qd2 {[%emt 0:00:21]} Ng4 {[%emt 0:02:19]} 8. Bf4 {[%emt 0:00:37]} e5 {[%emt 0:01:13]} 9. Bg5 {[%emt 0:01:26]} f6 {[%emt 0:00:07]} 10. Be3 {[%emt 0:00:03]} Nxe3 {[%emt 0:00:04]} 11. fxe3 {[%emt 0:00:06]} O-O {[%emt 0:00:24]} 12. Bh3 {[%emt 0:05:58]} Bxh3 {[%emt 0:01:55]} 13. Nxh3 {[%emt 0:00:11]} Qd7 {[%emt 0:00:08]} 14. Ng1 {[%emt 0:01:05]} Ne7 {[%emt 0:01:05]} 15. Nge2 {[%emt 0:08:09]} d5 {[%emt 0:02:58]} 16. Nxd5 {[%emt 0:00:17]} Nxd5 {[%emt 0:00:07]} 17. exd5 {[%emt 0:00:04]} Qxd5 {[%emt 0:00:05]} 18. e4 {[%emt 0:00:06]} Qd7 {[%emt 0:03:02]} 19. Nc3 {[%emt 0:01:42]} Qd4 {[%emt 0:01:25]} 20. O-O-O {[%emt 0:01:32]} f5 {[%emt 0:03:00]} 21. Rhe1 {[%emt 0:08:17]} f4 {[%emt 0:09:15]} 22. Rf1 {[%emt 0:08:01]} fxg3 {[%emt 0:02:44]} 23. hxg3 {[%emt 0:00:23]} Rxf1 {[%emt 0:00:18]} 24. Rxf1 {[%emt 0:00:03]} Rf8 {[%emt 0:00:09]} 25. Rxf8+ {[%emt 0:01:42]} Bxf8 {[%emt 0:00:06]} 26. Qe1 {[%emt 0:19:22]} c4 {[%emt 0:01:30]} 27. Qe2 {[%emt 0:07:14]} Qg1+ {[%emt 0:01:10]} 28. Qd1 {[%emt 0:00:21]} Qxg3 {[%emt 0:02:14]} 29. dxc4 {[%emt 0:00:07]} Qe3+ {[%emt 0:02:44]} 30. Kb1 {[%emt 0:00:06]} Qd4 {[%emt 0:01:05]} 31. Qf1 {[%emt 0:01:40]} Bc5 {[%emt 0:01:38]} 32. Nd1 {[%emt 0:03:23]} Qxe4 {[%emt 0:01:32]} 33. a3 {[%emt 0:01:25]} Bd4 {[%emt 0:03:35]} 34. Qh3 {[%emt 0:03:10]} Qf5 {[%emt 0:02:55]} 35. Qh4 {[%emt 0:00:21]} g5 {[%emt 0:01:14]} 36. Qh5 {[%emt 0:00:06]} Kg7 {[%emt 0:01:28]} 37. Ka2 {[%emt 0:00:54]} Qg6 {[%emt 0:01:51]} 38. Qg4 {[%emt 0:00:11]} h5 {[%emt 0:00:33]} 39. Qd7+ {[%emt 0:04:01]} Qf7 {[%emt 0:00:14]} 40. Qc8 {[%emt 0:01:36]} b5 {[%emt 0:02:49]} 41. b3 {[%emt 0:00:48]} bxc4 {[%emt 0:00:35]} 42. bxc4 {[%emt 0:00:02]} g4 {[%emt 0:04:03]} 43. c3 {[%emt 0:01:39]} Bb6 {[%emt 0:00:13]} 44. Kb3 {[%emt 0:00:19]} g3 {[%emt 0:00:45]} 45. Qh3 {[%emt 0:01:09]} Qg6 {[%emt 0:00:33]} 46. Qd7+ {[%emt 0:00:34]} Qf7 {[%emt 0:02:24]} 47. Qh3 {[%emt 0:00:24]} Bf2 {[%emt 0:00:34]} 48. Ne3 {[%emt 0:00:20]} Kg6 {[%emt 0:09:55]} 49. Nd5 {[%emt 0:00:57]} e4 {[%emt 0:01:17]} 50. Qh4 {[%emt 0:00:46]} Qf3 {[%emt 0:02:54]} 51. Ne7+ {[%emt 0:06:39]} Kf7 {[%emt 0:00:26]} 52. Nc6 {[%emt 0:00:02]} Qd1+ {[%emt 0:05:10]} 53. Kb2 {[%emt 0:00:45]} Kg6 {[%emt 0:04:29]} 54. Qxe4+ {[%emt 0:00:42]} Kg5 {[%emt 0:00:47]} 55. Ne5 {[%emt 0:00:51]} Qd2+ {[%emt 0:01:39]} 56. Kb3 {[%emt 0:00:17]} Qd1+ {[%emt 0:01:04]} 57. Kb2 {[%emt 0:00:06]} Qd2+ {[%emt 0:01:18]} 58. Kb3 {[%emt 0:00:10]} Qd1+ {[%emt 0:00:23]} 59. Kb4 {[%emt 0:00:05]} Qd6+ {[%emt 0:00:19]} 60. Ka4 {[%emt 0:00:06]} Qd1+ {[%emt 0:01:18]} 61. Kb5 {[%emt 0:01:14]} Qb3+ {[%emt 0:00:49]} 62. Kc6 {[%emt 0:00:14]} Qa4+ {[%emt 0:00:49]} 63. Kd5 {[%emt 0:01:11]} Qa5+ {[%emt 0:00:43]} 64. Ke6 {[%emt 0:00:15]} Qb6+ {[%emt 0:00:51]} 65. Kd7 {[%emt 0:00:47]} Qf6 {[%emt 0:01:44]} 66. Ke8 {[%emt 0:01:53]} Qe6+ {[%emt 0:00:32]} 67. Kf8 {[%emt 0:00:09]} Qf5+ {[%emt 0:00:26]} 68. Nf7+ {[%emt 0:00:06]} Kg6 {[%emt 0:00:39]} 69. Qc6+ {[%emt 0:00:51]} Qf6 {[%emt 0:00:42]} 70. Qe4+ {[%emt 0:01:08]} Qf5 {[%emt 0:00:15]} 71. Qc6+ {[%emt 0:07:19]} Qf6 {[%emt 0:00:32]} 72. Qe4+ {[%emt 0:00:09]} Qf5 {[%emt 0:00:36]} 73. Qc6+ {[%emt 0:00:11]} Qf6 {[%emt 0:00:05]} 74. Qe4+ {[%emt 0:00:21]} Qf5 {[%emt 0:00:08]} 75. Qc6+ {[%emt 0:00:05]} Qf6 {[%emt 0:00:05]} 76. Qe4+ {[%emt 0:00:09]} 1/2-1/2

[Event "ESP-chT 2nd Division 2019"]
[Site "Linares"]
[Date "2019.08.22"]
[Round "5.38"]
[White "Espejo Montagut, Jonathan"]
[Black "Fernandez Lopez, Ruben"]
[Result "0-1"]
[WhiteElo "2096"]
[BlackElo "2242"]
[Annotator "NA"]
[PlyCount "60"]
[EventDate "2019.08.19"]
[EventType "team-tourn"]
[EventCountry "ESP"]
[SourceTitle "playchess.com"]
[Source "ChessBase"]
[SourceQuality "1"]
[TimeControl "5400+30"]

1. e4 {[%emt 0:00:22]} c5 {[%emt 0:00:00]} 2. Nf3 {[%emt 0:01:05]} d6 {[%emt 0:00:00]} 3. d4 {[%emt 0:00:31]} cxd4 {[%emt 0:00:12]} 4. Nxd4 {[%emt 0:00:05]} Nf6 {[%emt 0:00:29]} 5. Nc3 {[%emt 0:00:09]} a6 {[%emt 0:00:09]} 6. Bg5 {[%emt 0:01:24]} Nbd7 {[%emt 0:01:01]} 7. Qe2 {[%emt 0:03:24]} e6 {[%emt 0:07:05]} 8. f4 {[%emt 0:04:18]} Qc7 {[%emt 0:00:43]} 9. g4 {[%emt 0:07:21]} b5 {[%emt 0:00:56]} 10. Bg2 {[%emt 0:05:24]} Bb7 {[%emt 0:03:23]} 11. a3 {[%emt 0:08:40]} Be7 {[%emt 0:03:33]} 12. f5 {[%emt 0:00:58]} e5 {[%emt 0:13:30]} 13. Nb3 {[%emt 0:00:08]} Rc8 {[%emt 0:11:24]} 14. Bf3 {[%emt 0:06:42]} Nb6 {[%emt 0:01:54]} 15. Nd2 {[%emt 0:07:21]} h5 {[%emt 0:10:28]} 16. gxh5 {[%emt 0:06:39]} Nxh5 {[%emt 0:00:14]} 17. Bxe7 {[%emt 0:00:06]} Nf4 {[%emt 0:00:04]} 18. Qe3 {[%emt 0:00:04]} Kxe7 {[%emt 0:00:04]} 19. O-O {[%emt 0:02:26]} Rh6 {[%emt 0:00:53]} 20. Bg4 {[%emt 0:03:12]} Rch8 {[%emt 0:01:28]} 21. Rf2 {[%emt 0:00:07]} Rh4 {[%emt 0:00:29]} 22. Qg3 {[%emt 0:10:23]} Rxg4 {[%emt 0:01:35]} 23. Qxg4 {[%emt 0:00:06]} Nh3+ {[%emt 0:00:01]} 24. Kg2 {[%emt 0:00:09]} Nxf2 {[%emt 0:00:16]} 25. Qg5+ {[%emt 0:00:05]} Kd7 {[%emt 0:06:27]} 26. Qxg7 {[%emt 0:01:19]} Qd8 {[%emt 0:00:13]} 27. Kxf2 {[%emt 0:02:03]} Rxh2+ {[%emt 0:00:08]} 28. Ke3 {[%emt 0:00:10]} Nd5+ {[%emt 0:03:49]} 29. Nxd5 {[%emt 0:03:32]} Bxd5 {[%emt 0:00:04]} 30. c3 {[%emt 0:01:27]} Qb6+ {[%emt 0:00:44] Kd4} 0-1

[Event "ESP-chT 2nd Division 2019"]
[Site "Linares"]
[Date "2019.08.22"]
[Round "5.39"]
[White "Garcia Sobrino, David"]
[Black "Serrano Garcia, Luis"]
[Result "1-0"]
[WhiteElo "2195"]
[BlackElo "1908"]
[Annotator "NA"]
[PlyCount "81"]
[EventDate "2019.08.19"]
[EventType "team-tourn"]
[EventCountry "ESP"]
[SourceTitle "playchess.com"]
[Source "ChessBase"]
[SourceQuality "1"]
[TimeControl "5400+30"]

1. e4 {[%emt 0:00:23]} e5 {[%emt 0:00:07]} 2. Nf3 {[%emt 0:00:05]} Nc6 {[%emt 0:00:05]} 3. Nc3 {[%emt 0:00:57]} Nf6 {[%emt 0:00:11]} 4. d4 {[%emt 0:00:05]} exd4 {[%emt 0:04:08]} 5. Nxd4 {[%emt 0:00:04]} Bc5 {[%emt 0:00:57]} 6. Be3 {[%emt 0:03:57]} Bb6 {[%emt 0:12:24]} 7. Qd2 {[%emt 0:02:14]} Ng4 {[%emt 0:06:56]} 8. Bg5 {[%emt 0:01:44]} f6 {[%emt 0:02:02]} 9. Nxc6 {[%emt 0:03:32]} dxc6 {[%emt 0:02:07]} 10. Qxd8+ {[%emt 0:01:07]} Kxd8 {[%emt 0:00:19]} 11. Bh4 {[%emt 0:00:21]} Be6 {[%emt 0:01:08]} 12. h3 {[%emt 0:11:48]} Ne5 {[%emt 0:00:28]} 13. O-O-O+ {[%emt 0:02:58]} Ke7 {[%emt 0:00:45]} 14. Na4 {[%emt 0:04:29]} Rhd8 {[%emt 0:02:55]} 15. Be2 {[%emt 0:02:07]} g5 {[%emt 0:08:21]} 16. Bg3 {[%emt 0:01:03]} Rd6 {[%emt 0:01:21]} 17. b3 {[%emt 0:05:23]} Rad8 {[%emt 0:02:41]} 18. Nxb6 {[%emt 0:04:44]} cxb6 {[%emt 0:00:15]} 19. h4 {[%emt 0:03:16]} Rxd1+ {[%emt 0:06:05]} 20. Bxd1 {[%emt 0:02:27]} h6 {[%emt 0:00:42]} 21. hxg5 {[%emt 0:12:37]} hxg5 {[%emt 0:00:09]} 22. Bxe5 {[%emt 0:04:27]} fxe5 {[%emt 0:00:09]} 23. Rh7+ {[%emt 0:00:06]} Bf7 {[%emt 0:03:37]} 24. Bh5 {[%emt 0:04:22]} Rf8 {[%emt 0:00:21]} 25. Kd2 {[%emt 0:02:33]} Kf6 {[%emt 0:00:16]} 26. Rxf7+ {[%emt 0:01:19]} Rxf7 {[%emt 0:00:07]} 27. Bxf7 {[%emt 0:00:02]} Kxf7 {[%emt 0:00:07]} 28. Ke3 {[%emt 0:01:18]} Kg6 {[%emt 0:03:33]} 29. Kf3 {[%emt 0:06:58]} Kh5 {[%emt 0:00:23]} 30. Kg3 {[%emt 0:01:24]} b5 {[%emt 0:01:40]} 31. b4 {[%emt 0:10:15]} b6 {[%emt 0:02:05]} 32. f3 {[%emt 0:01:43]} c5 {[%emt 0:00:58]} 33. c3 {[%emt 0:00:10]} a5 {[%emt 0:00:19]} 34. a3 {[%emt 0:00:16]} Kh6 {[%emt 0:05:50]} 35. Kg4 {[%emt 0:02:04]} Kg6 {[%emt 0:00:06]} 36. g3 {[%emt 0:01:37]} a4 {[%emt 0:01:02]} 37. f4 {[%emt 0:00:26]} gxf4 {[%emt 0:00:08]} 38. gxf4 {[%emt 0:00:03]} exf4 {[%emt 0:00:16]} 39. Kxf4 {[%emt 0:00:07]} Kf6 {[%emt 0:00:06]} 40. e5+ {[%emt 0:00:27]} Ke6 41. Ke4 {Kd5+} 1-0

[Event "ESP-chT 2nd Division 2019"]
[Site "Linares"]
[Date "2019.08.22"]
[Round "5.40"]
[White "Perdigones Gomez, Mercedes"]
[Black "Lorenzo Serrano, Henar"]
[Result "0-1"]
[WhiteElo "1317"]
[BlackElo "1719"]
[Annotator "NA"]
[PlyCount "60"]
[EventDate "2019.08.19"]
[EventType "team-tourn"]
[EventCountry "ESP"]
[SourceTitle "playchess.com"]
[Source "ChessBase"]
[SourceQuality "1"]
[TimeControl "5400+30"]

1. e4 {[%emt 0:00:00]} d5 {[%emt 0:00:00]} 2. exd5 {[%emt 0:00:01]} Nf6 {[%emt 0:00:22]} 3. Nf3 {[%emt 0:06:09]} Qxd5 {[%emt 0:01:58]} 4. Nc3 {[%emt 0:00:35]} Qa5 {[%emt 0:04:15]} 5. g3 {[%emt 0:00:37]} Bg4 {[%emt 0:05:18]} 6. Bg2 {[%emt 0:02:38]} Nc6 {[%emt 0:02:03]} 7. h3 {[%emt 0:05:41]} Bh5 {[%emt 0:00:24]} 8. a3 {[%emt 0:02:53]} O-O-O {[%emt 0:02:51]} 9. b4 {[%emt 0:02:18]} Nxb4 {[%emt 0:05:00]} 10. Rb1 {[%emt 0:02:28]} Nbd5 {[%emt 0:04:38]} 11. Nxd5 {[%emt 0:12:00]} Nxd5 {[%emt 0:02:05]} 12. Qe2 {[%emt 0:03:37]} c6 {[%emt 0:05:25]} 13. Qe5 {[%emt 0:07:35]} Bg6 {[%emt 0:02:59]} 14. Qb2 {[%emt 0:00:53]} Qb6 {[%emt 0:05:04]} 15. Qa1 {[%emt 0:08:27]} Qc5 {[%emt 0:06:43]} 16. Qb2 {[%emt 0:04:34]} Nb6 {[%emt 0:01:53]} 17. d3 {[%emt 0:01:54]} e5 {[%emt 0:13:02]} 18. O-O {[%emt 0:03:28]} Bd6 {[%emt 0:05:48]} 19. Re1 {[%emt 0:06:31]} Rhe8 {[%emt 0:02:57]} 20. Qb3 {[%emt 0:04:56]} e4 {[%emt 0:06:04]} 21. d4 {[%emt 0:04:35]} Qd5 {[%emt 0:03:37]} 22. Ng5 {[%emt 0:07:47]} h6 {[%emt 0:03:54]} 23. c4 {[%emt 0:03:17]} Qxc4 {[%emt 0:05:29]} 24. Nxe4 {[%emt 0:02:51]} Bc7 {[%emt 0:04:27]} 25. Qxc4 {[%emt 0:04:14]} Nxc4 {[%emt 0:00:05]} 26. Kf1 {[%emt 0:00:59]} Rxd4 {[%emt 0:01:42]} 27. Rb4 {[%emt 0:01:50]} Bxe4 {[%emt 0:00:51]} 28. Rxe4 {[%emt 0:00:27]} Rexe4 {[%emt 0:00:23]} 29. Bxe4 {[%emt 0:00:04]} Rxe4 {[%emt 0:00:29]} 30. Be3 {[%emt 0:01:09]} Nxe3+ {[%emt 0:00:11]} 0-1

[Event "ESP-chT 2nd Division 2019"]
[Site "Linares"]
[Date "2019.08.22"]
[Round "6.1"]
[White "Jones, Gawain C B"]
[Black "Lopez Mulet, Inigo"]
[Result "1-0"]
[WhiteElo "2692"]
[BlackElo "2397"]
[Annotator "TA"]
[PlyCount "57"]
[EventDate "2019.08.19"]
[EventType "team-tourn"]
[EventCountry "ESP"]
[SourceTitle "playchess.com"]
[Source "ChessBase"]
[SourceQuality "1"]

{[%evp 10,57,18,12,20,12,18,12,15,12,16,13,10,17,31,25,22,14,12,20,31,18,23,0,26,31,32,14,19,18,51,24,58,68,174,162,168,172,222,214,453,428,429,437,1339,1331,1262,1237,2054,1963]} 1. Nf3 d5 2. c4 e6 3. g3 Nf6 4. Bg2 d4 5. O-O c5 6. e3 Nc6 {A13: English Opening: 1...e6} 7. d3 Bd6 8. exd4 cxd4 {The position is equal.} 9. Bg5 h6 10. Bxf6 $1 Qxf6 11. Nbd2 O-O 12. a3 a5 13. Ne4 Qe7 14. Nxd6 Qxd6 15. Re1 Bd7 {[#]} 16. Nd2 $146 ({Predecessor:} 16. Rc1) 16... Qe7 17. b3 Rab8 18. Qh5 b6 19. f4 Rfe8 20. Re2 Qd6 21. Ne4 Qc7 (21... Qf8 $14) 22. g4 $1 $18 {[%cal Rg4g5] Threatens to win with g5.} Ne7 {[#]} 23. g5 $1 $36 {[%cal Rg5h6][%mdl 2048] Black is under strong pressure.} Nf5 24. gxh6 Qxf4 $2 {[#]} (24... Nxh6 25. Nf6+ {[%mdl 64] Double Attack} Kf8) 25. hxg7 $1 {White is clearly winning.} Nxg7 26. Qh3 Qe5 (26... Bc8 $142 27. Rf1 e5 28. Rxf4 Bxh3) 27. Qh6 Kf8 28. Ng3 Qc5 {[#]} 29. b4 $1 {[%mdl 512] Accuracy: White = 63%, Black = 36%.} 1-0

[Event "ESP-chT 2nd Division 2019"]
[Site "Linares"]
[Date "2019.08.22"]
[Round "6.2"]
[White "Carrasco Martinez, Juan M."]
[Black "Del Rio De Angelis, Salvador G."]
[Result "1/2-1/2"]
[WhiteElo "2374"]
[BlackElo "2472"]
[Annotator "ChessBase"]
[PlyCount "64"]
[EventDate "2019.08.19"]
[EventType "team-tourn"]
[EventCountry "ESP"]
[SourceTitle "playchess.com"]
[Source "ChessBase"]
[SourceQuality "1"]
[TimeControl "5400+30"]

1. e4 {[%emt 0:00:00]} c5 {[%emt 0:00:01]} 2. Nc3 {[%emt 0:00:00]} e6 {[%emt 0:00:23]} 3. Nge2 {[%emt 0:00:06]} a6 {[%emt 0:00:11]} 4. g3 {[%emt 0:00:36]} b5 {[%emt 0:00:23]} 5. Bg2 {[%emt 0:00:09]} Bb7 {[%emt 0:01:01]} 6. d4 {[%emt 0:00:53]} cxd4 {[%emt 0:03:16]} 7. Nxd4 {[%emt 0:00:40]} d6 {[%emt 0:06:04]} 8. O-O {[%emt 0:02:58]} Nd7 {[%emt 0:00:29]} 9. Re1 {[%emt 0:02:04]} Qc7 {[%emt 0:07:31]} 10. Bg5 {[%emt 0:03:16]} Ngf6 {[%emt 0:07:06]} 11. a4 {[%emt 0:03:34]} b4 {[%emt 0:00:23]} 12. Nd5 {[%emt 0:00:45]} exd5 {[%emt 0:03:27]} 13. exd5+ {[%emt 0:01:14]} Ne5 {[%emt 0:01:21]} 14. f4 {[%emt 0:02:47]} O-O-O {[%emt 0:00:44]} 15. fxe5 {[%emt 0:05:15]} dxe5 {[%emt 0:00:06]} 16. Bxf6 {[%emt 0:02:02]} gxf6 {[%emt 0:00:22]} 17. Qg4+ {[%emt 0:00:59]} Qd7 {[%emt 0:03:29]} 18. Qxd7+ {[%emt 0:06:14]} Rxd7 {[%emt 0:00:24]} 19. Nc6 {[%emt 0:00:08]} Bxc6 {[%emt 0:01:58]} 20. dxc6 {[%emt 0:00:06]} Rd2 {[%emt 0:00:09]} 21. Rad1 {[%emt 0:04:03]} Bc5+ {[%emt 0:01:39]} 22. Kh1 {[%emt 0:01:06]} Rhd8 {[%emt 0:00:07]} 23. Rxd2 {[%emt 0:01:24]} Rxd2 {[%emt 0:00:08]} 24. Be4 {[%emt 0:01:12]} h6 {[%emt 0:03:45]} 25. b3 {[%emt 0:20:05]} Rf2 {[%emt 0:05:50]} 26. Bd3 {[%emt 0:02:12]} a5 {[%emt 0:01:25]} 27. Rf1 {[%emt 0:00:23]} Rxf1+ {[%emt 0:00:26]} 28. Bxf1 {[%emt 0:00:06]} Kc7 {[%emt 0:00:05]} 29. Bb5 {[%emt 0:02:26]} Kd6 {[%emt 0:03:18]} 30. g4 {[%emt 0:01:08]} Be3 {[%emt 0:02:50]} 31. Kg2 {[%emt 0:00:12]} Bf4 {[%emt 0:00:11]} 32. h3 {[%emt 0:00:07]} e4 {[%emt 0:02:10]} 1/2-1/2

[Event "ESP-chT 2nd Division 2019"]
[Site "Linares"]
[Date "2019.08.22"]
[Round "6.3"]
[White "Iruzubieta Villaluenga, Jesus M"]
[Black "Figuero Toro, Julian Francisco"]
[Result "1-0"]
[WhiteElo "2438"]
[BlackElo "2268"]
[Annotator "NA"]
[PlyCount "53"]
[EventDate "2019.08.19"]
[EventType "team-tourn"]
[EventCountry "ESP"]
[SourceTitle "playchess.com"]
[Source "ChessBase"]
[SourceQuality "1"]
[TimeControl "5400+30"]

1. e4 {[%emt 0:00:00]} e5 {[%emt 0:00:00]} 2. Bc4 {[%emt 0:00:01]} Nf6 {[%emt 0:02:08]} 3. d3 {[%emt 0:00:08]} c6 {[%emt 0:00:17]} 4. Nf3 {[%emt 0:00:10]} Be7 {[%emt 0:00:12]} 5. O-O {[%emt 0:02:44]} d6 {[%emt 0:00:06]} 6. Re1 {[%emt 0:02:22]} O-O {[%emt 0:00:41]} 7. Bb3 {[%emt 0:00:26]} Nbd7 {[%emt 0:06:11]} 8. c3 {[%emt 0:00:15]} Nc5 {[%emt 0:01:47]} 9. Bc2 {[%emt 0:00:06]} Bg4 {[%emt 0:00:21]} 10. Nbd2 {[%emt 0:03:52]} Ne6 {[%emt 0:01:43]} 11. h3 {[%emt 0:00:58]} Bh5 {[%emt 0:00:16]} 12. Nf1 {[%emt 0:00:48]} Re8 {[%emt 0:00:55]} 13. Ng3 {[%emt 0:00:49]} Bxf3 {[%emt 0:00:15]} 14. Qxf3 {[%emt 0:00:07]} g6 {[%emt 0:00:15]} 15. Be3 {[%emt 0:04:58]} Nd7 {[%emt 0:03:23]} 16. d4 {[%emt 0:08:33]} Bg5 {[%emt 0:17:49]} 17. Bb3 {[%emt 0:02:08]} Bxe3 {[%emt 0:01:17]} 18. Qxe3 {[%emt 0:01:06]} exd4 {[%emt 0:11:23]} 19. cxd4 {[%emt 0:00:23]} Qf6 {[%emt 0:06:12]} 20. Rad1 {[%emt 0:01:30]} d5 {[%emt 0:00:45]} 21. exd5 {[%emt 0:05:29]} Nc7 {[%emt 0:00:29]} 22. Ne4 {[%emt 0:00:33]} Qg7 {[%emt 0:02:05]} 23. dxc6 {[%emt 0:01:21]} bxc6 {[%emt 0:00:13]} 24. Qc3 {[%emt 0:01:09]} Nb6 {[%emt 0:04:06]} 25. Qxc6 {[%emt 0:00:24]} Ne6 {[%emt 0:05:00]} 26. Nd6 {[%emt 0:04:17]} Red8 {[%emt 0:01:15]} 27. Nxf7 {[%emt 0:00:53]} 1-0

[Event "ESP-chT 2nd Division 2019"]
[Site "Linares"]
[Date "2019.08.22"]
[Round "6.4"]
[White "Gonzalez Cano, Juan Jose"]
[Black "Trigo Urquijo, Sergio"]
[Result "1/2-1/2"]
[WhiteElo "2019"]
[BlackElo "2385"]
[Annotator "NA"]
[PlyCount "68"]
[EventDate "2019.08.19"]
[EventType "team-tourn"]
[EventCountry "ESP"]
[SourceTitle "playchess.com"]
[Source "ChessBase"]
[SourceQuality "1"]
[TimeControl "5400+30"]

1. e4 {[%emt 0:00:00]} e5 {[%emt 0:00:00]} 2. Nf3 {[%emt 0:00:00]} Nc6 {[%emt 0:00:00]} 3. Bb5 {[%emt 0:00:00]} a6 {[%emt 0:00:01]} 4. Ba4 {[%emt 0:00:00]} Nf6 {[%emt 0:00:14]} 5. O-O {[%emt 0:00:00]} Be7 {[%emt 0:00:25]} 6. Re1 {[%emt 0:02:03]} b5 {[%emt 0:00:17]} 7. Bb3 {[%emt 0:00:05]} d6 {[%emt 0:00:23]} 8. c3 {[%emt 0:00:35]} O-O {[%emt 0:00:14]} 9. h3 {[%emt 0:00:11]} Nb8 {[%emt 0:00:29]} 10. d4 {[%emt 0:00:19]} Nbd7 {[%emt 0:00:15]} 11. Nbd2 {[%emt 0:01:45]} Bb7 {[%emt 0:00:25]} 12. Bc2 {[%emt 0:00:11]} Re8 {[%emt 0:00:34]} 13. Nf1 {[%emt 0:05:10]} Bf8 {[%emt 0:00:10]} 14. Ng3 {[%emt 0:03:02]} g6 {[%emt 0:00:11]} 15. a4 {[%emt 0:00:38]} c5 {[%emt 0:02:11]} 16. d5 {[%emt 0:07:39]} c4 {[%emt 0:00:25]} 17. Be3 {[%emt 0:01:36]} Nc5 {[%emt 0:05:48]} 18. Bxc5 {[%emt 0:11:39]} dxc5 {[%emt 0:00:23]} 19. Qe2 {[%emt 0:00:26]} Qd6 {[%emt 0:19:59]} 20. Qe3 {[%emt 0:30:26]} Nd7 {[%emt 0:08:08]} 21. Nh2 {[%emt 0:11:50]} h5 {[%emt 0:04:27]} 22. Nf3 {[%emt 0:06:35]} Bg7 {[%emt 0:08:58]} 23. Ne2 {[%emt 0:08:21]} Qf8 {[%emt 0:09:08]} 24. g4 {[%emt 0:00:24]} hxg4 {[%emt 0:04:40]} 25. hxg4 {[%emt 0:00:04]} f6 {[%emt 0:00:38]} 26. Ng3 {[%emt 0:00:58]} Bh6 {[%emt 0:01:23]} 27. Qe2 {[%emt 0:00:26]} Kg7 {[%emt 0:01:32]} 28. Kg2 {[%emt 0:00:11]} Bg5 {[%emt 0:05:04]} 29. Rh1 {[%emt 0:04:00]} Qf7 {[%emt 0:01:57]} 30. Rh3 {[%emt 0:01:18]} Rh8 {[%emt 0:00:45]} 31. Rah1 {[%emt 0:02:09]} Rxh3 {[%emt 0:00:50]} 32. Rxh3 {[%emt 0:00:04]} Rh8 33. Rxh8 Kxh8 34. axb5 axb5 1/2-1/2